[Event "DVM U20 2022"]
[Site "Münster GER"]
[Date "2022.12.28"]
[Round "4"]
[White "Frank, Marek"]
[Black "Schröder, Lennart"]
[Result "0-1"]
[Termination "normal"]
[Board "6.3"]
[WhiteElo "1500"]
[BlackElo "2011"]
[WhiteClock "00:08:29"]
[BlackClock "00:50:20"]
[WhiteTeam "ESV Gera"]
[BlackTeam "Schachklub Münster 32 e. V."]
[PlyCount "50"]
[WhiteFideId "16239520"]
[BlackFideId "16222490"]
[EventCountry "GER"]
[EventRounds "7"]
[EventType "team-swiss"]
[EventDate "2022.12.26"]

1. e4 {[%clk 01:30:57]} {[%emt 00:00:02]} c5 {[%clk 01:30:49]} {[%emt
00:00:12]} 2. Nf3 {[%clk 01:31:17]} {[%emt 00:00:10]} d6 {[%clk 01:31:10]}
{[%emt 00:00:09]} 3. d4 {[%clk 01:31:43]} {[%emt 00:00:04]} cxd4 {[%clk
01:31:04]} {[%emt 00:00:35]} 4. Nxd4 {[%clk 01:32:07]} {[%emt 00:00:07]} Nf6
{[%clk 01:31:14]} {[%emt 00:00:20]} 5. Nc3 {[%clk 01:32:31]} {[%emt 00:00:06]}
g6 {[%clk 01:31:29]} {[%emt 00:00:14]} 6. Be3 {[%clk 01:32:12]} {[%emt
00:00:48]} Bg7 {[%clk 01:31:37]} {[%emt 00:00:22]} 7. f3 {[%clk 01:32:24]}
{[%emt 00:00:19]} O-O {[%clk 01:31:55]} {[%emt 00:00:12]} 8. Bc4 {[%clk
01:31:24]} {[%emt 00:01:30]} Nc6 {[%clk 01:32:05]} {[%emt 00:00:20]} 9. Qd2
{[%clk 01:31:14]} {[%emt 00:00:40]} Bd7 {[%clk 01:32:24]} {[%emt 00:00:11]} 10.
O-O-O {[%clk 01:28:13]} {[%emt 00:03:31]} Rc8 {[%clk 01:32:21]} {[%emt
00:00:32]} 11. Bb3 {[%clk 01:23:32]} {[%emt 00:05:10]} Ne5 {[%clk 01:31:34]}
{[%emt 00:01:18]} 12. Kb1 {[%clk 01:14:32]} {[%emt 00:09:30]} Nc4 {[%clk
01:31:38]} {[%emt 00:00:26]} 13. Qe2 {[%clk 01:12:34]} {[%emt 00:02:28]} Nxe3
{[%clk 01:31:57]} {[%emt 00:00:11]} 14. Qxe3 {[%clk 01:12:54]} {[%emt
00:00:10]} Rc5 {[%clk 01:27:57]} {[%emt 00:04:30]} 15. f4 {[%clk 00:58:17]}
{[%emt 00:15:06]} Qc7 {[%clk 01:21:18]} {[%emt 00:07:09]} 16. h3 {[%clk
00:52:53]} {[%emt 00:05:53]} b5 {[%clk 01:11:18]} {[%emt 00:10:31]} 17. Nf3
{[%clk 00:44:30]} {[%emt 00:08:53]} b4 {[%clk 01:04:17]} {[%emt 00:07:31]} 18.
Nd5 {[%clk 00:39:27]} {[%emt 00:05:33]} Nxd5 {[%clk 01:04:20]} {[%emt
00:00:28]} 19. Rxd5 {[%clk 00:39:20]} {[%emt 00:00:37]} Rxd5 {[%clk 01:02:39]}
{[%emt 00:02:11]} 20. exd5 {[%clk 00:36:22]} {[%emt 00:03:28]} a5 {[%clk
01:02:18]} {[%emt 00:00:51]} 21. Qe2 {[%clk 00:28:02]} {[%emt 00:08:49]} Rc8
{[%clk 00:55:00]} {[%emt 00:07:50]} 22. Nd2 {[%clk 00:20:38]} {[%emt 00:07:53]}
Qc5 {[%clk 00:51:03]} {[%emt 00:04:27]} 23. Ne4 {[%clk 00:11:04]} {[%emt
00:10:04]} Qd4 {[%clk 00:50:57]} {[%emt 00:00:37]} 24. c3 {[%clk 00:10:28]}
{[%emt 00:01:07]} bxc3 {[%clk 00:51:14]} {[%emt 00:00:13]} 25. Nxc3 {[%clk
00:08:29]} {[%emt 00:02:28]} Rxc3 {[%clk 00:50:20]} {[%emt 00:01:25]} 0-1

[Event "DVM U20 2022"]
[Site "Münster GER"]
[Date "2022.12.28"]
[Round "4"]
[White "Kamp, Aaron"]
[Black "Frank, Marian"]
[Result "0-1"]
[Termination "normal"]
[Board "6.4"]
[WhiteElo "1850"]
[BlackElo "1438"]
[WhiteClock "00:49:33"]
[BlackClock "00:16:01"]
[WhiteTeam "Schachklub Münster 32 e. V."]
[BlackTeam "ESV Gera"]
[PlyCount "42"]
[WhiteFideId "16231120"]
[BlackFideId "16245059"]
[EventCountry "GER"]
[EventRounds "7"]
[EventType "team-swiss"]
[EventDate "2022.12.26"]

1. e4 {[%clk 01:30:57]} {[%emt 00:00:02]} e5 {[%clk 01:30:55]} {[%emt
00:00:06]} 2. d4 {[%clk 01:31:21]} {[%emt 00:00:06]} exd4 {[%clk 01:31:11]}
{[%emt 00:00:14]} 3. Qxd4 {[%clk 01:31:42]} {[%emt 00:00:08]} Nc6 {[%clk
01:31:21]} {[%emt 00:00:21]} 4. Qe3 {[%clk 01:32:02]} {[%emt 00:00:09]} Nf6
{[%clk 01:31:18]} {[%emt 00:00:33]} 5. Bd2 {[%clk 01:32:24]} {[%emt 00:00:08]}
Be7 {[%clk 01:30:15]} {[%emt 00:01:34]} 6. Nc3 {[%clk 01:32:43]} {[%emt
00:00:10]} d5 {[%clk 01:20:08]} {[%emt 00:10:38]} 7. exd5 {[%clk 01:32:57]}
{[%emt 00:00:16]} Nxd5 {[%clk 01:20:21]} {[%emt 00:00:17]} 8. Qg3 {[%clk
01:27:05]} {[%emt 00:06:22]} Bf6 {[%clk 00:59:53]} {[%emt 00:20:58]} 9. O-O-O
{[%clk 01:25:51]} {[%emt 00:01:44]} Be6 {[%clk 00:44:02]} {[%emt 00:16:22]} 10.
Bf4 {[%clk 01:20:01]} {[%emt 00:06:20]} Bxc3 {[%clk 00:39:23]} {[%emt
00:05:09]} 11. bxc3 {[%clk 01:19:26]} {[%emt 00:01:04]} Qe7 {[%clk 00:33:15]}
{[%emt 00:06:38]} 12. Kb2 {[%clk 01:16:24]} {[%emt 00:03:31]} Nxf4 {[%clk
00:27:55]} {[%emt 00:05:51]} 13. Qxf4 {[%clk 01:16:11]} {[%emt 00:00:43]} O-O
{[%clk 00:27:57]} {[%emt 00:00:28]} 14. Bc4 {[%clk 01:11:05]} {[%emt 00:05:36]}
Rad8 {[%clk 00:23:17]} {[%emt 00:05:10]} 15. Nf3 {[%clk 01:10:28]} {[%emt
00:01:07]} Qc5 {[%clk 00:20:11]} {[%emt 00:03:35]} 16. Bxe6 {[%clk 01:07:55]}
{[%emt 00:03:03]} fxe6 {[%clk 00:20:40]} {[%emt 00:00:02]} 17. Qe4 {[%clk
00:55:54]} {[%emt 00:12:31]} Qb5 {[%clk 00:17:29]} {[%emt 00:03:41]} 18. Ka1
{[%clk 00:54:50]} {[%emt 00:01:33]} Qf5 {[%clk 00:17:01]} {[%emt 00:00:59]} 19.
Rde1 {[%clk 00:48:56]} {[%emt 00:06:24]} Rd1 {[%clk 00:15:55]} {[%emt
00:01:35]} 20. Kb2 {[%clk 00:49:15]} {[%emt 00:00:11]} Qxe4 {[%clk 00:15:45]}
{[%emt 00:00:41]} 21. Rxe4 {[%clk 00:49:33]} {[%emt 00:00:11]} Rxh1 {[%clk
00:16:01]} {[%emt 00:00:15]} 0-1

[Event "DVM U20 2022"]
[Site "Münster GER"]
[Date "2022.12.28"]
[Round "4"]
[White "Barz, Henrik"]
[Black "Meyer, Emil"]
[Result "0-1"]
[Termination "normal"]
[Board "6.5"]
[WhiteElo "1647"]
[BlackElo "1668"]
[WhiteClock "00:11:21"]
[BlackClock "00:32:29"]
[WhiteTeam "ESV Gera"]
[BlackTeam "Schachklub Münster 32 e. V."]
[PlyCount "70"]
[WhiteFideId "34628320"]
[BlackFideId "34625771"]
[EventCountry "GER"]
[EventRounds "7"]
[EventType "team-swiss"]
[EventDate "2022.12.26"]

1. e4 {[%clk 01:30:58]} {[%emt 00:00:02]} c5 {[%clk 01:30:51]} {[%emt
00:00:09]} 2. Nf3 {[%clk 01:31:22]} {[%emt 00:00:06]} Nc6 {[%clk 01:31:15]}
{[%emt 00:00:05]} 3. d4 {[%clk 01:31:49]} {[%emt 00:00:04]} cxd4 {[%clk
01:31:40]} {[%emt 00:00:04]} 4. Nxd4 {[%clk 01:32:15]} {[%emt 00:00:04]} e5
{[%clk 01:32:04]} {[%emt 00:00:06]} 5. Nb5 {[%clk 01:32:42]} {[%emt 00:00:03]}
d6 {[%clk 01:32:28]} {[%emt 00:00:06]} 6. c4 {[%clk 01:33:07]} {[%emt
00:00:06]} Be7 {[%clk 01:32:45]} {[%emt 00:00:13]} 7. Bd3 {[%clk 01:33:10]}
{[%emt 00:00:27]} Nf6 {[%clk 01:31:56]} {[%emt 00:01:18]} 8. N5c3 {[%clk
01:33:26]} {[%emt 00:00:15]} O-O {[%clk 01:27:12]} {[%emt 00:05:13]} 9. O-O
{[%clk 01:33:45]} {[%emt 00:00:11]} Be6 {[%clk 01:25:47]} {[%emt 00:01:55]} 10.
Nd5 {[%clk 01:33:30]} {[%emt 00:00:46]} Bxd5 {[%clk 01:17:49]} {[%emt
00:08:28]} 11. exd5 {[%clk 01:33:45]} {[%emt 00:00:16]} Nd4 {[%clk 01:16:59]}
{[%emt 00:01:19]} 12. Be3 {[%clk 01:32:58]} {[%emt 00:01:17]} Nd7 {[%clk
01:16:06]} {[%emt 00:01:21]} 13. Nc3 {[%clk 01:26:57]} {[%emt 00:06:33]} Re8
{[%clk 01:07:50]} {[%emt 00:08:46]} 14. Bxd4 {[%clk 01:14:51]} {[%emt
00:12:37]} exd4 {[%clk 01:08:10]} {[%emt 00:00:09]} 15. Nb5 {[%clk 01:15:18]}
{[%emt 00:00:04]} Qb6 {[%clk 01:08:23]} {[%emt 00:00:16]} 16. a4 {[%clk
01:14:25]} {[%emt 00:01:24]} a5 {[%clk 01:01:49]} {[%emt 00:07:04]} 17. Bf5
{[%clk 01:13:35]} {[%emt 00:01:20]} Nc5 {[%clk 01:00:43]} {[%emt 00:01:35]} 18.
Rb1 {[%clk 01:11:46]} {[%emt 00:02:21]} Bf6 {[%clk 00:58:02]} {[%emt 00:03:11]}
19. Nxd4 {[%clk 00:58:44]} {[%emt 00:13:32]} Bxd4 {[%clk 00:51:23]} {[%emt
00:07:09]} 20. Qxd4 {[%clk 00:59:06]} {[%emt 00:00:09]} g6 {[%clk 00:51:00]}
{[%emt 00:00:52]} 21. Qg4 {[%clk 00:56:31]} {[%emt 00:03:05]} Qb3 {[%clk
00:48:47]} {[%emt 00:02:41]} 22. f3 {[%clk 00:38:11]} {[%emt 00:18:52]} Qxa4
{[%clk 00:45:53]} {[%emt 00:03:24]} 23. b3 {[%clk 00:27:44]} {[%emt 00:10:57]}
Qb4 {[%clk 00:45:09]} {[%emt 00:01:14]} 24. Bd7 {[%clk 00:25:38]} {[%emt
00:02:36]} Re3 {[%clk 00:43:37]} {[%emt 00:02:01]} 25. Qg5 {[%clk 00:16:23]}
{[%emt 00:09:45]} Rxb3 {[%clk 00:39:45]} {[%emt 00:04:22]} 26. Rxb3 {[%clk
00:16:32]} {[%emt 00:00:21]} Qxb3 {[%clk 00:39:42]} {[%emt 00:00:33]} 27. Bb5
{[%clk 00:16:53]} {[%emt 00:00:09]} Qc3 {[%clk 00:38:51]} {[%emt 00:01:19]} 28.
h4 {[%clk 00:13:46]} {[%emt 00:03:39]} a4 {[%clk 00:37:19]} {[%emt 00:02:02]}
29. Qe7 {[%clk 00:13:32]} {[%emt 00:00:44]} a3 {[%clk 00:32:59]} {[%emt
00:04:50]} 30. Qxd6 {[%clk 00:12:39]} {[%emt 00:01:23]} Qd4 {[%clk 00:33:02]}
{[%emt 00:00:25]} 31. Kh1 {[%clk 00:13:01]} {[%emt 00:00:09]} Qxh4 {[%clk
00:32:49]} {[%emt 00:00:43]} 32. Kg1 {[%clk 00:12:56]} {[%emt 00:00:35]} Qd4
{[%clk 00:33:08]} {[%emt 00:00:11]} 33. Kh2 {[%clk 00:13:19]} {[%emt 00:00:08]}
a2 {[%clk 00:32:49]} {[%emt 00:00:50]} 34. Qe7 {[%clk 00:11:19]} {[%emt
00:02:30]} a1=Q {[%clk 00:32:12]} {[%emt 00:01:07]} 35. Rxa1 {[%clk 00:11:21]}
{[%emt 00:00:28]} Rxa1 {[%clk 00:32:29]} {[%emt 00:00:12]} 0-1

[Event "DVM U20 2022"]
[Site "Münster GER"]
[Date "2022.12.28"]
[Round "4"]
[White "John, Niklas"]
[Black "Schulter, Moritz"]
[Result "0-1"]
[Termination "normal"]
[Board "6.6"]
[WhiteElo "1680"]
[BlackElo "1584"]
[WhiteClock "00:00:55"]
[BlackClock "00:02:39"]
[WhiteTeam "Schachklub Münster 32 e. V."]
[BlackTeam "ESV Gera"]
[PlyCount "114"]
[WhiteFideId "16234626"]
[BlackFideId "16245067"]
[EventCountry "GER"]
[EventRounds "7"]
[EventType "team-swiss"]
[EventDate "2022.12.26"]

1. e4 {[%clk 01:30:54]} {[%emt 00:00:05]} e6 {[%clk 01:31:00]} {[%emt
00:00:02]} 2. d4 {[%clk 01:31:10]} {[%emt 00:00:13]} d5 {[%clk 01:31:29]} 3.
Nd2 {[%clk 01:31:25]} {[%emt 00:00:16]} Nf6 {[%clk 01:31:41]} {[%emt 00:00:19]}
4. e5 {[%clk 01:31:42]} {[%emt 00:00:12]} Nfd7 {[%clk 01:32:09]} {[%emt
00:00:02]} 5. Bd3 {[%clk 01:31:51]} {[%emt 00:00:20]} c5 {[%clk 01:29:55]}
{[%emt 00:02:44]} 6. c3 {[%clk 01:32:05]} {[%emt 00:00:16]} Nc6 {[%clk
01:29:22]} {[%emt 00:01:03]} 7. Ne2 {[%clk 01:32:11]} {[%emt 00:00:23]} c4
{[%clk 01:25:33]} {[%emt 00:04:20]} 8. Bb1 {[%clk 01:31:16]} {[%emt 00:01:24]}
b5 {[%clk 01:20:20]} {[%emt 00:05:45]} 9. O-O {[%clk 01:30:09]} {[%emt
00:01:37]} a5 {[%clk 01:09:46]} {[%emt 00:11:05]} 10. Nf3 {[%clk 01:18:54]}
{[%emt 00:11:44]} Be7 {[%clk 01:06:38]} {[%emt 00:03:38]} 11. Nf4 {[%clk
01:15:26]} {[%emt 00:03:58]} Nf8 {[%clk 00:57:30]} {[%emt 00:09:38]} 12. Nh5
{[%clk 01:12:14]} {[%emt 00:03:41]} Rg8 {[%clk 00:54:25]} {[%emt 00:03:36]} 13.
Nf4 {[%clk 01:00:05]} {[%emt 00:12:39]} Ng6 {[%clk 00:52:32]} {[%emt 00:02:23]}
14. Nh3 {[%clk 00:57:59]} {[%emt 00:02:36]} Bd7 {[%clk 00:44:18]} {[%emt
00:08:44]} 15. Re1 {[%clk 00:55:05]} {[%emt 00:03:23]} Qc7 {[%clk 00:39:05]}
{[%emt 00:05:43]} 16. Nfg5 {[%emt 00:04:06]} O-O-O {[%clk 00:32:22]} {[%emt
00:07:10]} 17. Nxf7 {[%clk 00:50:43]} {[%emt 00:01:20]} Rdf8 {[%clk 00:31:22]}
{[%emt 00:01:29]} 18. Nfg5 {[%clk 00:50:06]} {[%emt 00:01:08]} Rh8 {[%clk
00:13:06]} {[%emt 00:18:46]} 19. Nxh7 {[%clk 00:48:06]} {[%emt 00:02:29]} Rxh7
{[%clk 00:12:03]} {[%emt 00:01:34]} 20. Bxg6 {[%clk 00:48:26]} {[%emt
00:00:10]} Rhh8 {[%clk 00:06:51]} {[%emt 00:05:42]} 21. Re3 {[%clk 00:46:58]}
{[%emt 00:01:57]} Qd8 {[%clk 00:04:18]} {[%emt 00:03:04]} 22. Rf3 {[%clk
00:44:05]} {[%emt 00:03:23]} Bh4 {[%clk 00:02:40]} {[%emt 00:02:08]} 23. Rxf8
{[%clk 00:42:25]} {[%emt 00:02:10]} Rxf8 {[%clk 00:03:01]} {[%emt 00:00:10]}
24. Qg4 {[%clk 00:40:39]} {[%emt 00:02:15]} Be7 {[%clk 00:02:37]} {[%emt
00:00:55]} 25. Bg5 {[%clk 00:35:09]} {[%emt 00:06:00]} b4 {[%clk 00:02:04]}
{[%emt 00:01:03]} 26. Bxe7 {[%clk 00:33:18]} {[%emt 00:02:21]} Qxe7 {[%clk
00:01:52]} {[%emt 00:00:42]} 27. Qg5 {[%clk 00:33:04]} {[%emt 00:00:43]} Kb7
{[%clk 00:01:39]} {[%emt 00:00:43]} 28. Qxe7 {[%clk 00:32:15]} {[%emt
00:01:19]} Nxe7 {[%clk 00:02:09]} {[%emt 00:00:01]} 29. Bc2 {[%clk 00:31:25]}
{[%emt 00:01:19]} Kb6 {[%clk 00:02:22]} {[%emt 00:00:17]} 30. g3 {[%clk
00:29:48]} {[%emt 00:02:06]} Nc6 {[%emt 00:01:24]} 31. f4 {[%clk 00:29:00]}
{[%emt 00:01:16]} Na7 {[%clk 00:01:32]} {[%emt 00:00:29]} 32. Nf2 {[%clk
00:20:35]} {[%emt 00:08:54]} Kc7 {[%clk 00:01:52]} {[%emt 00:00:11]} 33. Kf1
{[%clk 00:20:26]} {[%emt 00:00:39]} bxc3 {[%clk 00:01:11]} {[%emt 00:01:11]}
34. bxc3 {[%clk 00:20:33]} {[%emt 00:00:22]} Nb5 {[%clk 00:01:31]} {[%emt
00:00:11]} 35. Nd1 {[%clk 00:20:13]} {[%emt 00:00:49]} Na3 {[%clk 00:01:15]}
{[%emt 00:00:47]} 36. Rc1 {[%clk 00:18:55]} {[%emt 00:01:47]} Rb8 {[%clk
00:01:17]} {[%emt 00:00:30]} 37. h4 {[%clk 00:17:46]} {[%emt 00:01:39]} Nxc2
{[%clk 00:00:56]} {[%emt 00:00:52]} 38. Rxc2 {[%clk 00:18:06]} {[%emt
00:00:09]} Ba4 {[%clk 00:01:24]} {[%emt 00:00:03]} 39. Rd2 {[%clk 00:17:57]}
{[%emt 00:00:38]} Bxd1 {[%clk 00:00:46]} {[%emt 00:01:09]} 40. Rxd1 {[%clk
00:18:17]} {[%emt 00:00:09]} Rb2 {[%clk 00:01:12]} {[%emt 00:00:04]} 41. a4
{[%clk 00:10:50]} {[%emt 00:07:57]} Rc2 {[%clk 00:00:55]} {[%emt 00:00:47]} 42.
Rb1 {[%clk 00:09:05]} {[%emt 00:02:14]} Rxc3 {[%clk 00:29:57]} {[%emt
00:01:29]} 43. Rb5 {[%clk 00:38:42]} {[%emt 00:00:52]} Rxg3 {[%clk 00:28:44]}
{[%emt 00:01:44]} 44. Rxa5 {[%clk 00:38:34]} {[%emt 00:00:39]} Rf3 {[%clk
00:27:30]} {[%emt 00:01:44]} 45. Ke2 {[%clk 00:38:09]} {[%emt 00:00:54]} Rxf4
{[%clk 00:26:24]} {[%emt 00:01:36]} 46. Ra7 {[%clk 00:26:02]} {[%emt 00:12:36]}
Kb6 {[%clk 00:19:05]} {[%emt 00:07:50]} 47. Re7 {[%clk 00:19:21]} {[%emt
00:07:11]} Rxh4 {[%clk 00:13:43]} {[%emt 00:05:52]} 48. Rxe6 {[%clk 00:17:11]}
{[%emt 00:02:40]} Ka5 {[%clk 00:13:40]} {[%emt 00:00:33]} 49. Re8 {[%clk
00:13:37]} {[%emt 00:04:04]} Kxa4 {[%clk 00:11:25]} {[%emt 00:02:45]} 50. e6
{[%clk 00:09:28]} {[%emt 00:04:38]} Kb3 {[%clk 00:08:59]} {[%emt 00:02:57]} 51.
Kf3 {[%clk 00:03:59]} {[%emt 00:05:59]} Re4 {[%clk 00:06:59]} {[%emt 00:02:30]}
52. Rd8 {[%clk 00:01:14]} {[%emt 00:03:14]} Rxe6 {[%clk 00:02:45]} {[%emt
00:04:45]} 53. Rxd5 {[%clk 00:01:26]} {[%emt 00:00:18]} Kc3 {[%clk 00:03:10]}
{[%emt 00:00:05]} 54. Re5 {[%clk 00:01:15]} {[%emt 00:00:41]} Rd6 {[%clk
00:03:06]} {[%emt 00:00:35]} 55. d5 {[%clk 00:00:49]} {[%emt 00:00:55]} Kd4
{[%clk 00:02:53]} {[%emt 00:00:43]} 56. Rg5 {[%clk 00:00:40]} {[%emt 00:00:39]}
Rxd5 {[%clk 00:02:25]} {[%emt 00:00:59]} 57. Rxg7 {[%clk 00:00:55]} {[%emt
00:00:14]} Kd3 {[%clk 00:02:39]} {[%emt 00:00:16]} 0-1

[Event "DVM U20 2022"]
[Site "Münster GER"]
[Date "2022.12.28"]
[Round "4"]
[White "Runte, Moritz"]
[Black "Schneider, Jana"]
[Result "1/2-1/2"]
[Termination "normal"]
[Board "7.1"]
[BlackTitle "FM"]
[WhiteElo "2187"]
[BlackElo "2272"]
[WhiteClock "01:24:33"]
[BlackClock "01:13:16"]
[WhiteTeam "Schachverein Hemer 1932"]
[BlackTeam "SC Bavaria Regensburg von 1881 e.V."]
[PlyCount "41"]
[WhiteFideId "12991449"]
[BlackFideId "12924997"]
[EventCountry "GER"]
[EventRounds "7"]
[EventType "team-swiss"]
[EventDate "2022.12.26"]

1. e4 {[%clk 01:30:57]} {[%emt 00:00:03]} e5 {[%clk 01:30:45]} {[%emt
00:00:16]} 2. Nf3 {[%clk 01:31:18]} {[%emt 00:00:08]} Nc6 {[%clk 01:31:10]}
{[%emt 00:00:06]} 3. Bc4 {[%clk 01:31:41]} {[%emt 00:00:06]} Bc5 {[%clk
01:31:33]} {[%emt 00:00:07]} 4. c3 {[%clk 01:32:05]} {[%emt 00:00:06]} Nf6
{[%clk 01:31:57]} {[%emt 00:00:06]} 5. d4 {[%clk 01:32:29]} {[%emt 00:00:06]}
exd4 {[%clk 01:32:18]} {[%emt 00:00:10]} 6. e5 {[%clk 01:32:52]} {[%emt
00:00:07]} d5 {[%clk 01:32:12]} {[%emt 00:00:36]} 7. Bb5 {[%clk 01:33:16]}
{[%emt 00:00:07]} Ne4 {[%clk 01:32:34]} {[%emt 00:00:08]} 8. cxd4 {[%clk
01:33:39]} {[%emt 00:00:06]} Bb6 {[%clk 01:32:53]} {[%emt 00:00:11]} 9. Nc3
{[%clk 01:33:58]} {[%emt 00:00:10]} O-O {[%clk 01:31:07]} {[%emt 00:02:17]} 10.
Be3 {[%clk 01:34:18]} {[%emt 00:00:10]} Bg4 {[%clk 01:30:47]} {[%emt 00:00:50]}
11. h3 {[%clk 01:34:31]} {[%emt 00:00:17]} Bh5 {[%clk 01:30:49]} {[%emt
00:00:28]} 12. Qc2 {[%clk 01:34:44]} {[%emt 00:00:16]} Ba5 {[%clk 01:27:47]}
{[%emt 00:03:34]} 13. O-O {[%clk 01:34:32]} {[%emt 00:00:41]} Bxf3 {[%clk
01:12:53]} {[%emt 00:15:24]} 14. gxf3 {[%clk 01:34:22]} {[%emt 00:00:40]} Nxd4
{[%clk 01:12:07]} {[%emt 00:01:16]} 15. Bxd4 {[%clk 01:32:43]} {[%emt
00:02:08]} Qg5 {[%clk 01:11:54]} {[%emt 00:00:44]} 16. Kh1 {[%clk 01:32:05]}
{[%emt 00:01:07]} Bxc3 {[%clk 01:11:58]} {[%emt 00:00:27]} 17. bxc3 {[%clk
01:30:18]} {[%emt 00:02:16]} Qf5 {[%clk 01:12:15]} {[%emt 00:00:14]} 18. fxe4
{[%clk 01:23:25]} {[%emt 00:07:22]} Qxh3 {[%clk 01:12:31]} {[%emt 00:00:15]}
19. Kg1 {[%clk 01:23:46]} {[%emt 00:00:09]} Qg4 {[%clk 01:12:55]} {[%emt
00:00:06]} 20. Kh1 {[%clk 01:24:09]} {[%emt 00:00:06]} Qh3 {[%clk 01:13:16]}
{[%emt 00:00:10]} 21. Kg1 {[%clk 01:24:33]} {[%emt 00:00:05]} 1/2-1/2

[Event "DVM U20 2022"]
[Site "Münster GER"]
[Date "2022.12.28"]
[Round "4"]
[White "Neugirg, Mika"]
[Black "Naumenko, Valerija"]
[Result "1/2-1/2"]
[Termination "normal"]
[Board "7.4"]
[WhiteElo "1573"]
[BlackElo "1788"]
[WhiteClock "00:32:06"]
[BlackClock "00:33:24"]
[WhiteTeam "SC Bavaria Regensburg von 1881 e.V."]
[BlackTeam "Schachverein Hemer 1932"]
[PlyCount "42"]
[WhiteFideId "34619160"]
[BlackFideId "16222890"]
[EventCountry "GER"]
[EventRounds "7"]
[EventType "team-swiss"]
[EventDate "2022.12.26"]

1. Nf3 {[%clk 01:30:57]} {[%emt 00:00:02]} d5 {[%clk 01:30:51]} {[%emt
00:00:09]} 2. e3 {[%clk 01:31:18]} {[%emt 00:00:08]} Nf6 {[%clk 01:31:11]}
{[%emt 00:00:11]} 3. b3 {[%clk 01:31:28]} {[%emt 00:00:20]} Bf5 {[%clk
01:31:34]} {[%emt 00:00:07]} 4. Bb2 {[%clk 01:31:16]} {[%emt 00:00:42]} e6
{[%clk 01:31:36]} {[%emt 00:00:28]} 5. Nh4 {[%clk 01:31:01]} {[%emt 00:00:45]}
Bg6 {[%clk 01:30:14]} {[%emt 00:01:53]} 6. Nxg6 {[%clk 01:31:16]} {[%emt
00:00:15]} hxg6 {[%clk 01:30:39]} {[%emt 00:00:05]} 7. g3 {[%clk 01:31:16]}
{[%emt 00:00:29]} Bd6 {[%clk 01:29:12]} {[%emt 00:01:57]} 8. Bg2 {[%clk
01:31:10]} {[%emt 00:00:36]} Nbd7 {[%clk 01:29:29]} {[%emt 00:00:14]} 9. d3
{[%clk 01:30:34]} {[%emt 00:01:05]} c6 {[%clk 01:28:44]} {[%emt 00:01:16]} 10.
Nd2 {[%clk 01:30:15]} {[%emt 00:00:48]} e5 {[%clk 01:26:37]} {[%emt 00:02:37]}
11. c4 {[%clk 01:28:47]} {[%emt 00:01:58]} Qe7 {[%clk 01:22:18]} {[%emt
00:04:49]} 12. Qe2 {[%clk 01:25:00]} {[%emt 00:04:17]} a5 {[%clk 01:15:12]}
{[%emt 00:07:36]} 13. a3 {[%clk 01:21:42]} {[%emt 00:03:48]} Nc5 {[%clk
01:08:25]} {[%emt 00:07:17]} 14. O-O {[%clk 01:15:13]} {[%emt 00:06:59]} O-O
{[%clk 01:08:06]} {[%emt 00:00:49]} 15. Rfb1 {[%clk 01:08:53]} {[%emt
00:06:48]} Rfe8 {[%clk 00:53:30]} {[%emt 00:15:09]} 16. d4 {[%clk 00:57:35]}
{[%emt 00:11:38]} exd4 {[%clk 00:52:58]} {[%emt 00:01:13]} 17. Bxd4 {[%clk
00:57:35]} {[%emt 00:00:30]} Be5 {[%clk 00:52:55]} {[%emt 00:00:32]} 18. Bxe5
{[%clk 00:54:50]} {[%emt 00:03:15]} Qxe5 {[%clk 00:53:06]} {[%emt 00:00:20]}
19. cxd5 {[%clk 00:44:08]} {[%emt 00:11:12]} Nxd5 {[%clk 00:45:31]} {[%emt
00:08:05]} 20. Qc4 {[%clk 00:34:58]} {[%emt 00:09:39]} Ne6 {[%clk 00:38:19]}
{[%emt 00:07:43]} 21. Nf3 {[%clk 00:32:06]} {[%emt 00:03:18]} Qh5 {[%clk
00:33:24]} {[%emt 00:05:29]} 1/2-1/2